000 01022nam a2200253 a 4500
999 _c2
_d2
001 2
003 BD-JhCC
005 20200413134008.0
008 170923s2008 bg a|||| |||| 00| 0 ben d
020 _a9847011400641
035 _a(BD-JhCC)2
040 _aBD-JhCC
_cBD-JhCC
041 _aeng
082 _222
_a512.7
_bOGI 2008
100 _aওজিলভি, সি. স্ট্যানলি
245 _aসংখ্যাতত্তের নানা কথা /
_cসি. স্ট্যানলি ওজিলভি এন্ড জন টি অ্যান্ডারসন ;অনুবাদ আবদুল্লাহ তামিম
260 _aঢাকা :
_bসময় প্রকাশন,
_c২০০৮
300 _a১১৯ পৃ ঃ
_bচিত্র। ;
_c২২ সেমি।
650 _aNumber theory.
700 _aঅ্যান্ডারসন, জন টি
700 _aতামিম, আবদুল্লাহ
942 _2ddc
_cBK
_012